=LDR 00000nam 2200000 4500 =001 INLIS000000000001995 =005 20130612090353 =008 ***********************************Ind** =035 ##$$0010-061300000001995 =041 ##$$a Ind =082 ##$$a 712.34 =090 ##$$a 712.34, Hil b =100 ##$$a Hill, Adrian =245 ##$$a Bagaimana menggambar, Andrian Hill =260 ##$$a 1992 $b Bandung =300 ##$$a 181 hlm, ilus, 21 cm =650 ##$$a Menggambar =700 ##$$a Chusaeri =850 ##$$a NBPNMAT =990 ##$$a 0001/BPAP-NTB/2015